|
|
|
|
| LEADER |
00000nam0a2200000 4500 |
| 001 |
82569 |
| 005 |
20231101213235.0 |
| 010 |
|
|
|a 5160024603
|
| 035 |
|
|
|a (RuTPU)RU\TPU\book\88722
|
| 035 |
|
|
|a RU\TPU\book\61684
|
| 090 |
|
|
|a 82569
|
| 100 |
|
|
|a 20051004d2005 k y0rusy50 ca
|
| 101 |
0 |
|
|a rus
|
| 102 |
|
|
|a RU
|
| 105 |
|
|
|a y e 000zy
|
| 200 |
1 |
|
|a Современный экономический словарь
|f Б. А. Райзберг, Л. Ш. Лозовский , Е. Б. Стародубцева
|
| 205 |
|
|
|a 4-е изд., перераб. и доп.
|
| 210 |
|
|
|a Москва
|c Инфра-М
|d 2005
|
| 215 |
|
|
|a 480 с.
|
| 225 |
1 |
|
|a Библиотека словарей "Инфра-М"
|
| 330 |
|
|
|a Содержит около 12 тысяч терминов, используемых в современной экономической теории и практике. Терминология охватывает общеэкономические, бюджетные, финансовые, валютные, налоговые, таможенные вопросы, страхование, бухгалтерский учёт, аудит, статистику, менеджмент, маркетинг и др. Для практических работников предприятий всех форм собственности, преподавателей и студентов вузов, лиц, интересующихся экономикой.
|
| 606 |
1 |
|
|a Экономическая теория
|2 stltpush
|3 (RuTPU)RU\TPU\subj\26589
|9 50481
|
| 610 |
1 |
|
|a экономика
|
| 610 |
1 |
|
|a экономическая теория
|
| 610 |
1 |
|
|a экономические термины
|
| 610 |
1 |
|
|a финансы
|
| 610 |
1 |
|
|a налоги
|
| 610 |
1 |
|
|a страхование
|
| 610 |
1 |
|
|a бухгалтерский учет
|
| 610 |
1 |
|
|a аудит
|
| 610 |
1 |
|
|a статистика
|
| 610 |
1 |
|
|a менеджмент
|
| 610 |
1 |
|
|a маркетинг
|
| 610 |
1 |
|
|a словари
|
| 686 |
|
|
|a У011я2
|v LBC/SL-A
|2 rubbk
|
| 700 |
|
1 |
|a Райзберг
|b Б. А.
|g Борис Абрамович
|
| 701 |
|
1 |
|a Лозовский
|b Л. Ш.
|g Леонид Шарапович
|
| 701 |
|
1 |
|a Стародубцева
|b Е. Б.
|g Елена Борисовна
|
| 801 |
|
1 |
|a RU
|b 63413507
|c 20031201
|g PSBO
|
| 801 |
|
2 |
|a RU
|b 63413507
|c 20140203
|g PSBO
|
| 942 |
|
|
|c BK
|